000
00344nam a2200133Ia 4500
003
GCL
008
140319s9999 xx 000 0 ara d
040
_a
GCL /
_c
GCL
082
0
4
_a
811.008
_b
ع ف
245
1
0
_a
فى رياض الشعر العربى
260
_a
[S.N] :
_b
دار القلم للتراث ،
_c
1992
300
_a
302 ص
490
_a
999
_c
28768
_d
28768